| 000 | 01844 a2200205 4500 | ||
|---|---|---|---|
| 001 | 29663 | ||
| 005 | 20260407155607.0 | ||
| 008 | 260407a1969 arg spa d | ||
| 003 | AR-UNSa-BCEJYS | ||
| 040 |
_aAR-UNSa-BCEJYS _bspa _cAR-UNSa-BCEJYS |
||
| 080 |
_a657.36 _xBalances de comprobación (balance estimativo). Balances de saldo. Balance intermedio |
||
| 245 | 1 | 0 | _aAuditoria de balances |
| 264 | 1 |
_aBuenos Aires : _bSelección Contable _c1969 |
|
| 300 |
_a251 p. _c23 cm. |
||
| 505 | _aParte I: Estructura general del balance 1. Conceptos preliminares sobre balance - 2. El Balance frente a la ley y a la ciencia contable en el plano internacional - 3. Principios del balance y fenomenos economicos - Parte II: Generalidades sobre el fraude contable en el balance 4. Concepto general del fraude contable - 5. Balance Fraudulento - Parte III: Fraude en el activo 6. Generalidades sobre el fraude patrimonial - 7. Casos practicos de fraude en las inmovilizaciones - 8. Casos practicos de fraude en los bienes de venta - 9. Casos practicos de fraude en el credito - 10. Casos practicos de fraude en bienes de redito y bienes en efectivo - Parte IV: Fraude en el Pasivo 11. Generalidades sobre el fraude en el pasivo - 12. Casos practicos de fraude en las deudas (debito) - 13. Casos practicos de fraude en el capital propio - Parte V: Fraude en la presentación de ganancias y perdidas 14. Generalidades sobre el fraude en las cuentas de ganancias y perdidas - 15. Casos practicos de fraude en los costos - 16. Casos practicos de fraude en los ingresos - 17. Protección por medio de la auditoria contra el fraude en general - 18. Protección por medio del analisis contable contra el fraude en el balance. | ||
| 942 | _cBK | ||
| 590 | _aniveau_biblio:m niveau_hierar:0 | ||
| 100 | 1 | _aLópes de Sa, Antonio | |
| 700 | 1 | _aCasco, Irma Esther | |
| 999 |
_c1934 _d1934 |
||